Practical heat; (Record no. 545839)
[ view plain ]
| 000 -LEADER | |
|---|---|
| fixed length control field | 00585cam a22001811 4500 |
| 082 ## - DEWEY DECIMAL CLASSIFICATION NUMBER | |
| Classification number | 621.402 |
| Author Mark | CRO |
| -- | L-12, P-10 |
| 100 1# - MAIN ENTRY--PERSONAL NAME | |
| Personal name | Croft, Terrell, |
| 9 (RLIN) | 41119 |
| 245 10 - TITLE STATEMENT | |
| Title | Practical heat; |
| Statement of responsibility, etc. | Terrell Croft, editor ... revised by R. B. Purdy ... |
| 250 ## - EDITION STATEMENT | |
| Edition statement | 2d ed. |
| 260 ## - PUBLICATION, DISTRIBUTION, ETC. | |
| Place of publication, distribution, etc. | New York, |
| -- | London, |
| Name of publisher, distributor, etc. | McGraw-Hill Book Company, inc. |
| Date of publication, distribution, etc. | [c1939] |
| 300 ## - PHYSICAL DESCRIPTION | |
| Extent | xiv, 726 p. |
| Other physical details | illus., diagrs. |
| Dimensions | 21 cm. |
| 490 0# - SERIES STATEMENT | |
| Series statement | Power plant series |
| 526 ## - STUDY PROGRAM INFORMATION NOTE | |
| Program name | 0 |
| Interest level | 0 |
| Reading level | 0 |
| Title point value | 621_402000000000000_CRO |
| 650 #0 - SUBJECT ADDED ENTRY--TOPICAL TERM | |
| Topical term or geographic name entry element | Heat. |
| 9 (RLIN) | 39745 |
| 650 #0 - SUBJECT ADDED ENTRY--TOPICAL TERM | |
| Topical term or geographic name entry element | MCE |
| 9 (RLIN) | 379 |
| 700 1# - ADDED ENTRY--PERSONAL NAME | |
| Personal name | Purdy, Randall Brookner, |
| 9 (RLIN) | 41807 |
| 942 ## - ADDED ENTRY ELEMENTS (KOHA) | |
| Source of classification or shelving scheme | |
| Koha item type | Book |
| Withdrawn status | Lost status | Source of classification or shelving scheme | Damaged status | Not for loan | Permanent Location | Current Location | Date acquired | Total Checkouts | Full call number | Barcode | Date last seen | Price effective from | Koha item type |
|---|---|---|---|---|---|---|---|---|---|---|---|---|---|
| Military College of Engineering (MCE) | Military College of Engineering (MCE) | 05/29/2014 | 621.402 CRO | MCE-30325 | 05/29/2014 | 05/29/2014 | Book |
